000 00273nam a22001217a 4500
020 _a818869709-5
082 _a153.4
_bBLA/P
245 _aPOCKET BOOOK OF QUOTATIONS
260 _aDELHI
_bBLACK ROSE PUBLICATIONS
300 _a466
650 _aQUOTATIONS
_zDELHI
942 _cBK
999 _c3734
_d3734